00818nam a22002177a 4500999001500000001000600015003000900021005001700030008004100047020001800088040004800106082002100154100003500175245010600210260008200316300002100398504002100419650003300440942001200473952011500485 c8233d823321724BD-DhUAP20221204184057.0221204b2022 bg ||||| |||| 00| 0 eng d a9789843528414 aBD-DhUAPbengcBD-DhUAPdBD-DhUAPeBD-DhUAP 222a340.5492 RAH aRahman, Professor Dr.Mizanur.  aLaw and legal education During post-pandemic:bConference Proceedings /cProfessor Dr.Mizanur Rahman. aDhaka:bBangladesh Institute of Law and International Affairs (BILIA);c2022. a508 p. ;c25 cm. aNo Bibliography. v legal educationzBangladesh 2ddccBK 00102ddc4070aUAPCLbUAPCLcGeneral Stacksd2022-12-04o340.5492 RAHp3010021724r2022-12-04t1v220.00yBK